00627nam a2200193Ii 450000100060000000300090000600800410001502000150005604000330007104100080010408200150011210000320012724501400015926400410029930000120034033600260035233700280037833800270040614306CO-ViMGA241108s9999||||xx |||||||||||||| ||und|| a9589205402 aCO-ViMGAbspaerdacCO-ViMGA0 aspa04aR 925 M33t1 aLina Rocío Medina Muñoz10aTradición Académica:bDiccionario biográfico y bibliografico de la Academia Colombiana de Ciencias Exactas, Físicas y Naturales 1aBogotá, Colombia : Guadalupe, 2000 avolumen atextbtxt2rdacontent aunmediatedbn2rdamedia avolumebnc2rdacarrier